Suomen särkikalat - Statistics

Yleistilastot
  • Tätä visaa on pelattu 114 kertaa
  • Keskiarvotulos 8 / 19
Vastaustilastot
Vastaus % Oikein
Särki
100%
Lahna
83%
Säyne
83%
Ruutana
55%
Salakka
55%
Suutari
49%
Toutain
49%
Pasuri
45%
Sulkava
38%
Mutu
34%
Törö
34%
Turpa
34%
Seipi
32%
Sorva
32%
Vimpa
32%
Karppi
26%
Allikkosalakka
25%
Hopearuutana
23%
Miekkasärki
21%
Ehtoja vastaavia visoja ei löytynyt
Tulosjakauma
Jokaisen tuloksen saaneiden osuus
Persentiili vastausten määrän mukaan
Tuloshistoriasi
Et ole pelannut tätä visaa